Elenca la formazione - Quiz n°310 - Statistics

Statistiche generali
  • Questo quiz è stato fatto 64 volte
  • Il punteggio medio è 8 su 11
Statistiche sulle risposte
Ruolo Club dell'epoca Calciatore % Corretto
Portiere Bayern Monaco Manuel Neuer
100%
Centrocampista Juventus Sami Khedira
95%
Centrocampista Real Madrid Toni Kroos
95%
Trequartista Arsenal Mesut Özil
84%
Ala Borussia Dortmund Marco Reus
80%
Difensore Bayern Monaco Mats Hummels
79%
Attaccante Red Bull Lipsia Timo Werner
79%
Difensore Bayern Monaco Joshua Kimmich
74%
Difensore Bayern Monaco Niklas Süle
56%
Difensore Colonia Jonas Hector
28%
Ala Schalke 04 Leon Goretzka
23%
Nessun quiz corrispondente trovato
Distribuzione punteggi
Percentuale di utenti per punteggio
Percentile per numero di risposta
I tuoi punteggi nel tempo
Non hai fatto questo quiz